| 000 | 00823nam a22002057a 4500 | ||
|---|---|---|---|
| 008 | 090709t xxu||||| |||| 00| 0 eng d | ||
| 020 | _a8122419755 | ||
| 082 |
_a620.106076 _bKOT |
||
| 100 | 1 |
_aKothandaraman, C. P. _97845 |
|
| 245 |
_aFluid Mechanics and machinery / _cC. P. Kothandaraman, R. Rudramoorthy. |
||
| 250 | _a2nd ed. | ||
| 260 |
_aNew Delhi : _bNew Age International, _cc2007. |
||
| 300 |
_axii, 596 p. : _bill. charts. ; _c24 cm. |
||
| 500 | _aIncludes index. | ||
| 650 | 0 |
_aFluid mechanics _xProblems, exercises, etc. _97846 |
|
| 650 | 0 |
_aHydraulic machinery _xProblems, exercises, etc. _97847 |
|
| 700 | 1 |
_aRudramoorthy, R. _97848 |
|
| 942 |
_2ddc _cBB |
||
| 999 |
_c12288 _d12288 |
||